[Event "Smederevska Palanka"]
[Site "Smederevska Palanka"]
[Date "1981.??.??"]
[Round "6"]
[White "Ristic, Nenad"]
[Black "Schmidt, Wlodzimierz"]
[Result "1/2-1/2"]
[WhiteElo "2340"]
[BlackElo "2495"]

1.e4 c5 2.Nf3 e6 3.d4 cxd4 4.Nxd4 Nc6 5.Nc3 a6 6.g3 d6 7.Bg2 Bd7 8.O-O Nf6
9.Re1 Be7 10.Nxc6 Bxc6 11.a4 O-O 12.a5 Qc7 13.Be3 Nd7 14.Na4 Bxa4 15.Rxa4 Rfc8
16.Re2 b5 17.axb6 Nxb6 18.Bxb6 Qxb6  1/2-1/2

[Event "Smederevska Palanka"]
[Site "Smederevska Palanka"]
[Date "1981.??.??"]
[Round "8"]
[White "Ristic, Nenad"]
[Black "Krnic, Zdenko"]
[Result "0-1"]
[WhiteElo "2340"]
[BlackElo "2470"]

1.e4 c5 2.Nf3 Nc6 3.d4 cxd4 4.Nxd4 e6 5.Nc3 a6 6.g3 Nxd4 7.Qxd4 Ne7 8.Bf4 Nc6
9.Qd2 f6 10.Bg2 Ne5 11.Bxe5 fxe5 12.f4 Be7 13.O-O-O b5 14.Kb1 Rb8 15.Rdf1 O-O
16.Nd1 a5 17.Ne3 a4 18.Ng4 exf4 19.gxf4 b4 20.b3 Qc7 21.e5 Qc3 22.Qd1 a3
23.Qc1 Ba6 24.Rf3 Qb2+ 25.Qxb2 axb2 26.Ne3 Bb7 27.Rf2 Bc5 28.Bxb7 Bxe3 29.Re2 Bxf4
30.Ba6 Rf5 31.Rhe1 Rh5 32.Kxb2 Rxh2 33.Rxh2 Bxh2 34.Re2 Bf4 35.c3 bxc3+ 36.Kxc3 h5
37.Kd4 g5 38.Rc2 Kf7 39.Be2 h4 40.Rc7 Ke7 41.Rc5 h3 42.Bf3 h2 43.Rc2 Rh8
44.Bh1 Rh4 45.a4 Bxe5+ 46.Kc5 Bd6+ 47.Kb6 Rb4+ 48.Ka7 Rxb3  0-1

[Event "Smederevska Palanka"]
[Site "Smederevska Palanka"]
[Date "1981.??.??"]
[Round "10"]
[White "Martinovic, Slobodan"]
[Black "Ermenkov, Evgenij"]
[Result "1-0"]
[WhiteElo "2475"]
[BlackElo "2490"]

1.e4 c5 2.Nf3 Nc6 3.d4 cxd4 4.Nxd4 e6 5.Nc3 d6 6.g3 a6 7.Bg2 Qc7 8.O-O Nf6
9.Re1 Nxd4 10.Qxd4 Be7 11.a4 O-O 12.a5 Bd7 13.h3 Rae8 14.Be3 Bc6 15.Qd2 Nd7
16.Bd4 Qb8 17.Na4 Bd8 18.c4 f5 19.exf5 Rxf5 20.b4 Bxg2 21.Kxg2 Qc7 22.Qd3 Qc6+
23.Kg1 Bf6 24.Rxe6 Rxe6 25.Qxf5 Qxc4 26.Bxf6 Nxf6 27.Nb6 Qb3 28.Rb1 Qa2 29.Rc1 Re7
30.g4 h6 31.h4 Qd2 32.Rc8+ Kf7 33.g5 hxg5 34.hxg5 Qd1+ 35.Kg2 Qg4+ 36.Qxg4 Nxg4
37.Kg3 Ne5 38.Nd5 Rd7 39.Nb6 Re7 40.Nd5 Rd7 41.f4 Nc6 42.f5 g6 43.Rh8 Kg7
44.Rh6 gxf5 45.Kf4 Nd4 46.Kg3 Rf7 47.Nf4 Re7 48.Rxd6 Re3+ 49.Kg2 Nc6 50.Nh5+ Kg8
51.g6 Re2+ 52.Kg3 Re1 53.b5 f4+ 54.Kf2 Re5 55.bxc6 Rxh5  1-0

[Event "Smederevska Palanka"]
[Site "Smederevska Palanka"]
[Date "1981.??.??"]
[Round "12"]
[White "Ciocaltea, Victor"]
[Black "Krnic, Zdenko"]
[Result "1-0"]
[WhiteElo "2445"]
[BlackElo "2470"]

1.e4 c5 2.Nf3 Nc6 3.d4 cxd4 4.Nxd4 e6 5.Nc3 a6 6.Be2 Nge7 7.Bf4 Ng6 8.Bg3 Be7
9.O-O O-O 10.a4 f6 11.Kh1 Nge5 12.f4 Nf7 13.Bc4 b6 14.Bxe6 Nxd4 15.Bxf7+ Rxf7
16.Qxd4 f5 17.Rad1 Bc5 18.Qd3 Bb7 19.e5 Qf8 20.Nd5 Rc8 21.c3 Rc6 22.b4 Be7
23.Qe3 Bd8 24.Qf2 Rh6 25.Rfe1 Qe8 26.b5 a5 27.c4 Re6 28.c5 bxc5 29.Qxc5 h5
30.Qf2 Rg6 31.Rd2 Qe6 32.Red1 Rg4 33.h3 Qh6 34.hxg4 hxg4+ 35.Kg1 g5 36.fxg5 Bxg5
37.Nf4 Bd8 38.Rd6 Qh8 39.Rxd7 Bg5 40.Qa2  1-0

[Event "Tilburg"]
[Site "Tilburg"]
[Date "1981.??.??"]
[Round "?"]
[White "Spassky, Boris V"]
[Black "Larsen, Bent"]
[Result "1/2-1/2"]
[WhiteElo "2630"]
[BlackElo "2610"]

1.e4 c5 2.Nf3 e6 3.d4 cxd4 4.Nxd4 Nc6 5.Nc3 d6 6.f4 Nf6 7.Be3 e5 8.Nf3 Ng4
9.Bc1 exf4 10.Bxf4 Be7 11.Qd2 Be6 12.O-O-O O-O 13.h3 Nge5 14.Kb1 a6 15.Be2 Rc8
16.Rhe1 Re8 17.Nd5 Bf8 18.Bg5 Nxf3 19.gxf3 Qa5 20.Qxa5 Nxa5 21.h4 f5 22.h5 h6
23.Bd2 Bxd5 24.exd5 Nc4 25.Bc1 Ne3 26.Bxe3 Rxe3 27.Bd3 f4 28.Rxe3 fxe3 29.Re1 Re8
30.f4 g5 31.hxg6 h5 32.Bf5 Bh6 33.Be6+ Kg7 34.Rxe3 Bxf4 35.Rb3 Rb8 36.Rc3 a5
37.Rc8 Rxc8 38.Bxc8 h4 39.Bf5 Kf6 40.c3 Bh6  1/2-1/2

[Event "URS-FL49"]
[Site "Volgodonsk"]
[Date "1981.??.??"]
[Round "10"]
[White "Gorelov, Sergey G"]
[Black "Sveshnikov, Evgeny"]
[Result "1/2-1/2"]
[WhiteElo "2420"]
[BlackElo "2545"]

1.e4 c5 2.Nc3 Nc6 3.Nge2 e6 4.d4 cxd4 5.Nxd4 Nf6 6.Nxc6 bxc6 7.e5 Nd5 8.Ne4 Qc7
9.f4 Qb6 10.c4 Bb4+ 11.Ke2 f5 12.Nf2 Ba6 13.Kf3 Ne7 14.Be3 Bc5 15.Bxc5 Qxc5
16.Qd6 Qb6 17.b3 c5 18.Rd1 Bb7+ 19.Kg3 Qxd6 20.exd6 Ng8 21.Be2 Nf6 22.Bf3 Bxf3
23.Kxf3 O-O 24.Nd3 Ne4 25.Ne5 Rfd8 26.g4 a5 27.gxf5 exf5 28.Rd5 a4 29.Nd3 axb3
30.axb3 Nd2+ 31.Ke3 Nxb3 32.Nxc5 Re8+ 33.Kd3 Nxc5+ 34.Rxc5 Ra3+ 35.Kd2 Re4
36.Rxf5 Rd4+ 37.Ke2 Rxc4 38.Rb1 h6 39.Rb2 Re4+ 40.Kf2 Rd4 41.h4 Rxd6 42.h5 Ra8
43.Rb3 Kh7 44.Re3 Ra2+ 45.Re2 Rxe2+ 46.Kxe2 Kg8 47.Kf3 Re6 48.Rd5 Re7 49.Rd6 Kf8
50.Ra6 Ke8 51.Ra8+ Kf7 52.Ra6 Re6 53.Ra8 Rf6 54.Ke4 Ke6 55.f5+ Kf7 56.Ke5 Rb6
57.Rd8 d6+ 58.Kf4 Rb4+ 59.Kf3 Ke7 60.f6+ gxf6 61.Rh8 Ke6 62.Rxh6 Kf5 63.Rh8 Rb3+
64.Ke2 Rh3 65.h6 Kf4 66.h7 f5 67.Kf2 Rf3+ 68.Kg2 Rg3+ 69.Kf2 Rg7 70.Rd8 Rxh7
71.Rxd6 Rh2+ 72.Kg1 Re2 73.Kf1 Kf3 74.Rf6 Re5 75.Rh6 Re3 76.Rh3+ Kf4 77.Rh8 Ra3
78.Rf8 Kg4 79.Kf2 Ra2+ 80.Ke3 Ra3+ 81.Kf2 Ra4 82.Rf7 Kf4 83.Rb7 Ra2+ 84.Kf1 Ra3
85.Kf2 Rf3+ 86.Kg2 Rd3 87.Kf2 Rd2+ 88.Ke1 Rg2 89.Kf1 Rg3 90.Kf2 Rf3+ 91.Kg2 Rc3
92.Kf2 Rc2+ 93.Kf1 Kg4 94.Rb4+ f4 95.Rb3 Rd2 96.Rc3 Rh2 97.Ra3 Rh3 98.Rxh3 Kxh3  1/2-1/2

[Event "Vrnjacka Banja"]
[Site "Vrnjacka Banja"]
[Date "1981.??.??"]
[Round "2"]
[White "Orak, Ljubomir"]
[Black "Rajkovic, Dusan"]
[Result "0-1"]
[WhiteElo "2200"]
[BlackElo "2465"]

1.e4 c5 2.Nf3 e6 3.d4 cxd4 4.Nxd4 Nc6 5.Nc3 Qc7 6.g3 a6 7.Bg2 Nf6 8.O-O h6
9.b3 Bc5 10.Be3 Ba7 11.h3 O-O 12.Qd2 d6 13.Rfd1 Ne7 14.Nde2 Bxe3 15.Qxe3 Rd8
16.f4 Bd7 17.a4 Rac8 18.Rd2 Bc6 19.g4 e5 20.Rad1 b5 21.axb5 axb5 22.fxe5 dxe5
23.Rxd8+ Rxd8 24.Rxd8+ Qxd8 25.Qc5 Nd7 26.Qe3 Qa5 27.Kf2 b4 28.Nd1 Nf6 29.Qd2 Ng6
30.Ng3 Nf4 31.Ne3 Qc7 32.Nh5 N4xh5 33.gxh5 Bxe4  0-1

[Event "Vrnjacka Banja"]
[Site "Vrnjacka Banja"]
[Date "1981.??.??"]
[Round "7"]
[White "Jansa, Vlastimil"]
[Black "Schmidt, Wlodzimierz"]
[Result "1-0"]
[WhiteElo "2460"]
[BlackElo "2495"]

1.e4 c5 2.Nf3 e6 3.d4 cxd4 4.Nxd4 Nc6 5.Nc3 a6 6.g3 d6 7.Bg2 Bd7 8.O-O Nf6
9.Re1 Be7 10.Nxc6 Bxc6 11.a4 O-O 12.Be3 Qc7 13.a5 Nd7 14.Na4 Bxa4 15.Rxa4 Rfc8
16.c3 b5 17.axb6 Nxb6 18.Ra2 a5 19.Bf1 Nd7 20.Qc2 Ne5 21.Be2 Qb7 22.Rea1 Nc6
23.Qd2 Rd8 24.b4 axb4 25.Rxa8 Rxa8 26.Rxa8+ Qxa8 27.cxb4 Qb8 28.b5 Ne5 29.Qa5 Bd8
30.b6 Nd7 31.Qa7 Qc8 32.Ba6 Qc6 33.Bb7  1-0

[Event "Vrnjacka Banja"]
[Site "Vrnjacka Banja"]
[Date "1981.??.??"]
[Round "8"]
[White "Jansa, Vlastimil"]
[Black "Kostic, Vladimir"]
[Result "1-0"]
[WhiteElo "2460"]
[BlackElo "2255"]

1.e4 c5 2.Nf3 e6 3.Nc3 Nc6 4.d4 cxd4 5.Nxd4 Nf6 6.Ndb5 d6 7.Bf4 e5 8.Bg5 Be6
9.Nd5 Bxd5 10.exd5 Ne7 11.c3 Ng6 12.Qa4 Ke7 13.O-O-O a6 14.Nd4 Qd7 15.Bb5 Qc8
16.Bd3 h6 17.Nf5+ Kd8 18.Bxf6+ gxf6 19.Kb1 Rg8 20.g3 Qd7 21.Qb4 a5 22.Qb3 Kc7
23.Ne3 Ne7 24.Bb5 Qd8 25.c4 b6 26.Bc6 Ra7 27.Qb5 Qc8 28.Be8 Rg7 29.a4 Ra8
30.Bc6 Ra7 31.Be8 Ra8 32.c5 bxc5 33.Bc6 Ra6 34.Rd3 Nf5 35.Bd7 Qxd7 36.Qxa6 Nd4
37.Qxa5+ Kb8 38.Qb6+ Kc8 39.a5 Qc7 40.Qa6+ Kd7 41.Rxd4  1-0

[Event "Vrnjacka Banja"]
[Site "Vrnjacka Banja"]
[Date "1981.??.??"]
[Round "12"]
[White "Kostic, Vladimir"]
[Black "Rajkovic, Dusan"]
[Result "0-1"]
[WhiteElo "2255"]
[BlackElo "2465"]

1.e4 c5 2.Nf3 e6 3.d4 cxd4 4.Nxd4 Nc6 5.Nc3 a6 6.g3 Qc7 7.Bg2 Nf6 8.O-O Be7
9.Re1 Nxd4 10.Qxd4 Bc5 11.Qd1 d6 12.Qe2 h6 13.Na4 Ba7 14.Be3 Bd7 15.Bxa7 Rxa7
16.Qe3 b5 17.Nb6 O-O 18.Nxd7 Nxd7 19.Red1 Rb7 20.Rd2 Ne5 21.b3 Rb6 22.a4 b4
23.a5 Rc6 24.Qe2 Rb8 25.f4 Nd7 26.Qf2 Rb5 27.Ra4 Nc5 28.Ra1 Nd7 29.f5 e5
30.h3 Rxa5 31.Rxa5 Qxa5 32.Kh2 Qc5 33.Qe2 Nf6 34.Bf3 Qb6 35.Kg2 Rc3 36.Rd3 Qc6
37.Rxc3 Qxc3 38.g4 Qd4 39.Qf2 Nd7 40.Qxd4 exd4 41.Be2 a5 42.Kg3 Nc5 43.Kf4  0-1

[Event "Vrnjacka Banja"]
[Site "Vrnjacka Banja"]
[Date "1981.??.??"]
[Round "13"]
[White "Barlov, Dragan"]
[Black "Schmidt, Wlodzimierz"]
[Result "1/2-1/2"]
[WhiteElo "2405"]
[BlackElo "2495"]

1.e4 c5 2.Nf3 e6 3.d4 cxd4 4.Nxd4 Nc6 5.Nc3 a6 6.Be3 Qc7 7.f4 b5 8.a3 Bb7
9.Be2 d6 10.O-O Nf6 11.Nxc6 Bxc6 12.Bf3 Rc8 13.Qe1 Be7 14.Qg3 O-O 15.Rae1 Rfd8
16.Bd4 Qb7 17.Nd1 a5 18.Nf2 b4 19.axb4 axb4 20.h3 d5 21.Bxf6 Bxf6 22.e5 Be7
23.Be2 Bb5 24.Ng4 Rxc2 25.Bxb5 Qxb5 26.f5 exf5 27.Nh6+ Kf8 28.Nxf5 Qb6+ 29.Kh1 Qg6
30.Qxg6 hxg6 31.Nd4 Rxb2 32.Ne6+ Kg8 33.Nxd8 Bxd8 34.Rd1 Re2 35.Rfe1 Rxe1+
36.Rxe1 Bc7 37.Kg1 Kf8 38.Rb1 Bxe5 39.Rxb4 Ke7 40.Kf2 Ke6 41.Rb7 g5 42.Ke3 f5
43.Rb6+ Ke7 44.Kd3 Kf7 45.Ra6 Ke7 46.Kc2 Bd4 47.Kb3 g4 48.hxg4 fxg4 49.Rg6 Bf6
50.Rxg4 Ke6 51.Kc2 Kf5 52.Ra4 d4 53.Ra3 Ke4 54.Kd2 Bg5+ 55.Ke2 Be3 56.Ra4 g5
57.Rb4 Bf4 58.Rb3 Be3 59.Ra3 Bf4 60.Rb3 Be3 61.Rd3 Bf4 62.Ra3  1/2-1/2

[Event "Wiesbaden"]
[Site "Wiesbaden"]
[Date "1981.??.??"]
[Round "?"]
[White "Nunn, John DM"]
[Black "Zichichi, Alvise"]
[Result "1-0"]
[WhiteElo "2580"]
[BlackElo "2395"]

1.e4 c5 2.Nf3 e6 3.d4 cxd4 4.Nxd4 Nc6 5.Nc3 a6 6.g3 Nge7 7.Nb3 d6 8.Bg2 Bd7
9.O-O Nc8 10.a4 Be7 11.f4 O-O 12.Be3 Qc7 13.Qe2 Nb4 14.Qf2 Rb8 15.Rfd1 b6
16.Rd2 e5 17.f5 Bc6 18.h4 Rd8 19.Nd5 Nxd5 20.exd5 Be8 21.Rd3 Rd7 22.Be4 Qd8
23.Nd2 Rc7 24.c3 Bd7 25.b3 Qe8 26.g4 Bd8 27.Rf1 b5 28.a5 b4 29.c4 Rcb7 30.g5 Bxa5
31.h5 Bd8 32.f6 Bg4 33.fxg7 Bxh5 34.Qh4 f5 35.Bxf5 Kxg7 36.Ne4 Kh8 37.Nf6 Bxf6
38.gxf6 Bg6 39.Rd2 Bxf5 40.Rxf5 Qg6+ 41.Rg5  1-0

[Event "Hoogovens"]
[Site "Wijk aan Zee"]
[Date "1981.??.??"]
[Round "?"]
[White "Torre, Eugenio"]
[Black "Taimanov, Mark E"]
[Result "1/2-1/2"]
[WhiteElo "2550"]
[BlackElo "2500"]

1.e4 c5 2.Nf3 Nc6 3.d4 cxd4 4.Nxd4 e6 5.Nc3 a6 6.Be2 Nge7 7.Bf4 Ng6 8.Bg3 Be7
9.O-O O-O 10.Qd2 d6 11.Rad1 Qc7 12.Kh1 Rd8 13.f4 Nxd4 14.Qxd4 Bf6 15.Qe3 Bd7
16.Bh5 Be8 17.Rd3 b5 18.a3 a5 19.f5 Ne5 20.Bxe5 Bxe5 21.fxe6 fxe6 22.Bxe8 Rxe8
23.Nxb5 Qxc2 24.Nxd6 Rf8 25.Rc1 Qxb2 26.Nc4 Qb8 27.Nxe5 Qxe5 28.Qd4 Rac8
29.Re1 Qxd4 30.Rxd4 Rfd8 31.Ra4 Rc5 32.Rb1 Kf7 33.h4 Rd2 34.Rb7+ Kf6 35.e5+ Rxe5
36.Rg4 Rh5 37.Rf4+ Rf5 38.Rg4 Rh5 39.Rf4+ Kg6 40.Rg4+ Kf6  1/2-1/2

[Event "DDR-POL"]
[Site "Zinnowitz"]
[Date "1981.??.??"]
[Round "?"]
[White "Vogt, Lothar"]
[Black "Schmidt, Wlodzimierz"]
[Result "1/2-1/2"]
[WhiteElo "2450"]
[BlackElo "2475"]

1.e4 c5 2.Nf3 e6 3.d4 cxd4 4.Nxd4 Nc6 5.Nc3 a6 6.g3 d6 7.Bg2 Bd7 8.O-O Nf6
9.Re1 Be7 10.Nxc6 Bxc6 11.a4 O-O 12.Be3 Qc7 13.a5 Nd7 14.Na4 Bxa4 15.Rxa4 Rfc8
16.c3 b5 17.axb6 Nxb6 18.Ra2 Nc4 19.Bf4 a5 20.Qa1 Rab8 21.Bf1 Ne5 22.Kg2 Nc6
23.Qd1 Rd8 24.Qa4 Qb7 25.Qc4 h6 26.Qa6 Bg5 27.Qxb7 Rxb7 28.Bxg5 hxg5 29.Rd1 Kf8
30.h3  1/2-1/2

[Event "Baile Herculane zt"]
[Site "Baile Herculane"]
[Date "1982.??.??"]
[Round "5"]
[White "Sax, Gyula"]
[Black "Jansa, Vlastimil"]
[Result "1-0"]
[WhiteElo "2550"]
[BlackElo "2475"]

1.e4 c5 2.Nf3 e6 3.d4 cxd4 4.Nxd4 Nc6 5.Nc3 a6 6.Nxc6 bxc6 7.Bd3 d5 8.O-O Nf6
9.Re1 Be7 10.e5 Nd7 11.Qg4 g6 12.b3 Rb8 13.Na4 Nc5 14.Bh6 Nxd3 15.cxd3 Rb4
16.Qg3 g5 17.Bg7 Rg8 18.Bf6 Bxf6 19.exf6 Qxf6 20.Rac1 Kf8 21.Rxc6 Bb7 22.Rc7 Qf4
23.Nc5 Ba8 24.Ra7 Bc6 25.Qh3 Qd2 26.Qh6+ Ke8 27.Rxe6+  1-0

[Event "Baile Herculane zt"]
[Site "Baile Herculane"]
[Date "1982.??.??"]
[Round "13"]
[White "Ciocaltea, Victor"]
[Black "Sznapik, Aleksander"]
[Result "0-1"]
[WhiteElo "2460"]
[BlackElo "2440"]

1.e4 c5 2.Nf3 e6 3.d4 cxd4 4.Nxd4 Nc6 5.Nc3 a6 6.Be2 d6 7.O-O Nf6 8.a4 Be7
9.Kh1 O-O 10.f4 Qc7 11.Bf3 Rd8 12.g4 d5 13.exd5 exd5 14.f5 Ne4 15.Nde2 Nb4
16.Bf4 Qc5 17.Kg2 b6 18.Ra3 Bb7 19.Nd4 Rac8 20.Rb3 Nc6 21.Nce2 Na5 22.Rd3 Nc4
23.Qc1 Bd6 24.b3 Ne5 25.Rdd1 Qc7 26.Qe3 Re8 27.h3 Qe7 28.h4 Bc5 29.g5 Nc6
30.c3 Nxd4 31.cxd4 Ba3 32.Bg4 Rc2 33.f6 gxf6 34.gxf6 Nxf6 35.Qg3 Kh8 36.Be5 Rc6
37.Qf4 Kg8 38.Ng3 Nxg4 39.Qxg4+ Rg6 40.Qf4  0-1

[Event "Baile Herculane zt"]
[Site "Baile Herculane"]
[Date "1982.??.??"]
[Round "17"]
[White "Jansa, Vlastimil"]
[Black "Schmidt, Wlodzimierz"]
[Result "1/2-1/2"]
[WhiteElo "2475"]
[BlackElo "2485"]

1.e4 c5 2.Nf3 e6 3.d4 cxd4 4.Nxd4 Nc6 5.Nc3 a6 6.Be2 d6 7.Be3 Nf6 8.O-O Be7
9.f4 O-O 10.Qe1 Nxd4 11.Bxd4 b5 12.a3 Bb7 13.Bd3 Qc7 14.Qg3 e5 15.fxe5 Nh5
16.Qh3  1/2-1/2

[Event "Rakovica"]
[Site "Belgrade"]
[Date "1982.??.??"]
[Round "?"]
[White "Barlov, Dragan"]
[Black "Abramovic, Bosko"]
[Result "1/2-1/2"]
[WhiteElo "2425"]
[BlackElo "2480"]

1.e4 c5 2.Nf3 e6 3.d4 cxd4 4.Nxd4 Nc6 5.Nc3 a6 6.g3 d6 7.Bg2 Bd7 8.O-O Nf6
9.Re1 Be7 10.Nxc6 Bxc6 11.a4 O-O 12.Be3 Qc7 13.a5 Nd7 14.Na4 Rae8 15.Nb6 f5
16.Nxd7 Qxd7 17.exf5 Bxg2 18.Kxg2 Qc6+ 19.Kg1 Rxf5 20.Bb6 d5 21.Qd3 Ref8
22.f4 g5 23.fxg5 e5 24.Qc3 Bxg5 25.Qxc6 bxc6 26.g4 Rf4 27.Rxe5 Rxg4+ 28.Kh1  1/2-1/2

[Event "Rakovica"]
[Site "Belgrade"]
[Date "1982.??.??"]
[Round "?"]
[White "Barlov, Dragan"]
[Black "Marjanovic, Slavoljub"]
[Result "1/2-1/2"]
[WhiteElo "2425"]
[BlackElo "2450"]

1.e4 c5 2.Nf3 e6 3.d4 cxd4 4.Nxd4 Nc6 5.Nc3 Qc7 6.Be2 a6 7.O-O Nf6 8.Be3 Bb4
9.Na4 O-O 10.Nxc6 bxc6 11.Nb6 Rb8 12.Nxc8 Rfxc8 13.Bxa6 Rd8 14.Bd3 Bd6 15.Kh1 Be5
16.f4 Bxb2 17.Rb1 e5 18.f5 d5 19.Bg5 Qd6 20.Qf3 Rb4 21.Rfd1 h6 22.Bh4 Rd4
23.Bxf6 dxe4 24.Qg4 Qxf6 25.Bxe4 Bc3 26.Rxd4 exd4 27.Qf3 c5 28.Bd3 Re8 29.g3 Bb4  1/2-1/2

[Event "Rakovica"]
[Site "Belgrade"]
[Date "1982.??.??"]
[Round "?"]
[White "Mestel, A Jonathan"]
[Black "Marjanovic, Slavoljub"]
[Result "0-1"]
[WhiteElo "2540"]
[BlackElo "2450"]

1.e4 c5 2.Nf3 e6 3.d4 cxd4 4.Nxd4 Nc6 5.Nc3 Qc7 6.g3 a6 7.Bg2 d6 8.O-O Bd7
9.Nxc6 bxc6 10.Na4 Rd8 11.Qe2 Bc8 12.c4 c5 13.Bf4 Bb7 14.Nc3 h6 15.Be3 Be7
16.f4 Bf6 17.e5 Bxg2 18.exd6 Qxd6 19.Rfd1 Bd4 20.Kxg2 Ne7 21.Qf3 Nf5 22.Bf2 Qb6
23.g4 Ne7 24.Ne2 Bxf2 25.Kxf2 O-O 26.Qb3 Qc7 27.Rxd8 Rxd8 28.Rd1 Rxd1 29.Qxd1 g5
30.Qa4 Ng6 31.Qxa6 Nxf4 32.a4 Qe5 33.Qa8+ Kh7 34.Nxf4 gxf4 35.Qf8 Qxb2+ 36.Kf3 Qc3+
37.Kf2 Qe3+ 38.Kf1 Qf3+ 39.Ke1 Qh1+ 40.Kf2 Qxh2+ 41.Kf1 Qh3+ 42.Kf2 Qe3+
43.Kf1 Kg6 44.Qg8+ Kf6  0-1

[Event "Rakovica"]
[Site "Belgrade"]
[Date "1982.??.??"]
[Round "?"]
[White "Radulov, Ivan"]
[Black "Marjanovic, Slavoljub"]
[Result "1-0"]
[WhiteElo "2480"]
[BlackElo "2450"]

1.e4 c5 2.Nf3 e6 3.d4 cxd4 4.Nxd4 Nc6 5.Nc3 Qc7 6.Be3 a6 7.Bd3 Nf6 8.O-O Ne5
9.h3 Bc5 10.Qe2 d6 11.f4 Ng6 12.Nb3 Bxe3+ 13.Qxe3 O-O 14.Rae1 b5 15.e5 dxe5
16.Bxg6 hxg6 17.fxe5 Nd7 18.Nd4 Bb7 19.a4 b4 20.Na2 a5 21.c3 b3 22.Nc1 Nc5
23.Ncxb3 Nxb3 24.Nxb3 Bxg2 25.Rf2 Bc6 26.Nd4 Bxa4 27.h4 Qb6 28.h5 Rad8 29.h6 f5
30.hxg7 Rf7 31.Qg5 Re8 32.Rh2 Rxg7 33.Rh6 Qd8 34.Qxd8 Rxd8 35.Nxe6 Re8 36.Nxg7 Kxg7
37.Rh4  1-0

[Event "Biel"]
[Site "Biel"]
[Date "1982.??.??"]
[Round "4"]
[White "Nunn, John DM"]
[Black "Wirthensohn, Heinz"]
[Result "1/2-1/2"]
[WhiteElo "2565"]
[BlackElo "2435"]

1.e4 c5 2.Nf3 e6 3.d4 cxd4 4.Nxd4 Nc6 5.Nc3 d6 6.Be3 Nf6 7.Be2 Be7 8.O-O O-O
9.f4 e5 10.Nb3 exf4 11.Bxf4 Be6 12.Kh1 d5 13.e5 Nd7 14.Nxd5 Ndxe5 15.Nxe7+ Qxe7
16.Qe1 Ng6 17.Bg3 Rad8 18.Bf3 Bd5 19.Qxe7  1/2-1/2

[Event "Biel"]
[Site "Biel"]
[Date "1982.??.??"]
[Round "8"]
[White "Gobet, Fernand"]
[Black "Wirthensohn, Heinz"]
[Result "1-0"]
[WhiteElo "2200"]
[BlackElo "2435"]

1.e4 c5 2.Nf3 e6 3.d4 cxd4 4.Nxd4 Nc6 5.Nc3 d6 6.Be3 Nf6 7.Bc4 Be7 8.Qe2 a6
9.O-O-O Qc7 10.Bb3 O-O 11.Kb1 b5 12.Nxc6 Qxc6 13.Bd4 Bb7 14.Rhe1 Rfe8 15.f4 Bd8
16.e5 dxe5 17.fxe5 Nd7 18.Qh5 Qxg2 19.Rg1 Bf3 20.Bd5 Bxh5 21.Bxg2 Rc8 22.Rd2 Bb6
23.Bxb6 Nxb6 24.Bb7 Rc5 25.Bxa6 Nc4 26.Rdg2 Bg6 27.Bxb5 Rb8 28.Bxc4 Rxc4
29.Rg3 Rbc8 30.Re3 Bf5 31.Re2 h6 32.Rc1 R8c5 33.Nd1 g5 34.b3 Re4 35.Rxe4 Bxe4
36.Nf2 Bf5 37.Nd3 Bxd3 38.cxd3 Rxe5 39.a4 Ra5 40.Kb2 f5  1-0

[Event "Biel"]
[Site "Biel"]
[Date "1982.??.??"]
[Round "11"]
[White "Lobron, Eric"]
[Black "Gobet, Fernand"]
[Result "1-0"]
[WhiteElo "2470"]
[BlackElo "2200"]

1.e4 c5 2.Nf3 e6 3.Nc3 Nc6 4.d4 cxd4 5.Nxd4 Qc7 6.g3 a6 7.Bg2 Nf6 8.O-O Be7
9.Nb3 O-O 10.f4 d5 11.e5 Nd7 12.Ne2 b5 13.Nbd4 b4 14.Be3 a5 15.Nxc6 Qxc6
16.Nd4 Qb6 17.Rf2 Bc5 18.Rc1 Ba6 19.c3 Rfc8 20.cxb4 axb4 21.h4 Bb7 22.Bh3 Bxd4
23.Rxc8+ Rxc8 24.Bxd4 Qc6 25.f5 Nf8 26.f6 Qc1 27.Qxc1 Rxc1+ 28.Rf1 Rc2 29.Rf2 Rc4
30.fxg7 Kxg7 31.Rd2 Ng6 32.Kf2 Ne7 33.Bf1 Rc1 34.Be3 Nc6 35.Bf4 f6 36.exf6+ Kxf6
37.Bg5+ Kg7 38.Bh3 h6 39.Be3 Nd8 40.Rxd5 Bxd5 41.Bxc1 Bxa2 42.Bd2 Nc6 43.Bg2 Bd5
44.Bxd5 exd5 45.h5 Ne5 46.Ke2 b3 47.Bc3 Kf6 48.g4 Ke6 49.g5 hxg5 50.h6 Ng6
51.h7 Kf5 52.Ke3 d4+ 53.Bxd4  1-0

[Event "Brighton"]
[Site "Brighton"]
[Date "1982.??.??"]
[Round "?"]
[White "Arnason, Jon L"]
[Black "Gurevich, Dmitry"]
[Result "1-0"]
[WhiteElo "2445"]
[BlackElo "2470"]

1.e4 c5 2.Nf3 e6 3.d4 cxd4 4.Nxd4 Nc6 5.Nc3 d6 6.Be2 Nf6 7.O-O Be7 8.Kh1 O-O
9.f4 e5 10.Nb3 exf4 11.Bxf4 Ne5 12.Qe1 Ng6 13.Bg3 Re8 14.Rd1 Bf8 15.Bb5 Bd7
16.Bxd7 Qxd7 17.Nd4 Nh5 18.Bf2 Ngf4 19.Be3 Ng6 20.Nf5 Re6 21.Bd4 Rae8 22.Qe3 Ne7
23.Qh3 g6 24.Nd5  1-0

[Event "HUN-ch"]
[Site "Budapest"]
[Date "1982.??.??"]
[Round "?"]
[White "Doery, Jeno"]
[Black "Szabolcsi, Janos"]
[Result "1/2-1/2"]
[WhiteElo "2340"]
[BlackElo "2245"]

1.e4 c5 2.Nf3 e6 3.d4 cxd4 4.Nxd4 Nc6 5.Nc3 Qc7 6.Be3 a6 7.Bd3 b5 8.Nxc6 Qxc6
9.a3 Bb7 10.O-O Nf6 11.Qe2 b4 12.axb4 Bxb4 13.f3 Bxc3 14.bxc3 Qxc3 15.Qf2 O-O
16.Bd4 Qc7 17.Bxf6 gxf6 18.f4 Kh8 19.Qh4 Qd8 20.f5 e5 21.Rfb1 Bc6 22.Rxa6 Rxa6
23.Rb8  1/2-1/2

[Event "Budapest"]
[Site "Budapest"]
[Date "1982.??.??"]
[Round "3"]
[White "Adorjan, Andras"]
[Black "Taimanov, Mark E"]
[Result "1/2-1/2"]
[WhiteElo "2515"]
[BlackElo "2510"]

1.e4 c5 2.Nf3 Nc6 3.d4 cxd4 4.Nxd4 e6 5.Nc3 a6 6.Be2 Nge7 7.Bf4 Ng6 8.Nxc6 bxc6
9.Bd6 Bxd6 10.Qxd6 Qe7 11.O-O-O Qxd6 12.Rxd6 Ke7 13.Rhd1 Nf4 14.Bf3 Rb8 15.R6d2 Rd8
16.g3 Ng6 17.b3 d6 18.Na4 Ne5 19.Bh5 g5 20.f3 Bb7 21.c4 d5 22.Nc5  1/2-1/2

[Event "Caorle op"]
[Site "Caorle"]
[Date "1982.??.??"]
[Round "3"]
[White "Barlocco, Carlo"]
[Black "Cicovacki, Predrag"]
[Result "1-0"]
[WhiteElo "2070"]
[BlackElo "2200"]

1.e4 c5 2.Nf3 e6 3.d4 cxd4 4.Nxd4 Nc6 5.Nc3 d6 6.Be2 Be7 7.O-O Nf6 8.Be3 O-O
9.f4 e5 10.Nb3 exf4 11.Rxf4 Nd7 12.Rf1 Nde5 13.Nd5 Bg5 14.Qd2 Bxe3+ 15.Qxe3 Be6
16.Nd4 Nxd4 17.Qxd4 Bxd5 18.exd5 Rc8 19.c3 Qa5 20.a3 Qc5 21.Qxc5 Rxc5 22.Rad1 a5
23.Rf4 g6 24.Kf2 f5 25.Ke3 Re8 26.Kf2 Rec8 27.g4 Rf8 28.gxf5 g5 29.Rg1 h6
30.h4 Ng6 31.Rd4 Rxf5+ 32.Ke3 Nf4 33.hxg5 Nxd5+ 34.Kd2 hxg5 35.b4 axb4 36.axb4 Nxb4
37.cxb4 Rfd5 38.Bc4  1-0

[Event "Futurity"]
[Site "Chicago"]
[Date "1982.??.??"]
[Round "5"]
[White "Rubin, David"]
[Black "Silman, Jeremy D"]
[Result "0-1"]
[WhiteElo "2200"]
[BlackElo "2355"]

1.Nf3 c5 2.e4 Nc6 3.d4 cxd4 4.Nxd4 e6 5.Nc3 a6 6.g3 Qc7 7.Bg2 Nf6 8.O-O Be7
9.Be3 d6 10.Qe2 O-O 11.Rad1 Bd7 12.f4 Rac8 13.Nb3 b5 14.a3 b4 15.axb4 Nxb4
16.g4 d5 17.exd5 Nfxd5 18.Bxd5 Nxd5 19.Nxd5 exd5 20.Nd4 Bc5 21.Rf2 Rfe8 22.h3 Re4
23.c3 Rce8 24.Rf3 Ba4 25.Rd2 Bb5 26.Qf2 Bxd4 27.Rxd4 Rxd4 28.Bxd4 Re2 29.Bb6 Rxf2  0-1

[Event "Wch U20"]
[Site "Copenhagen"]
[Date "1982.??.??"]
[Round "2"]
[White "Wolff, Patrick G"]
[Black "Hjartarson, Johann"]
[Result "0-1"]
[WhiteElo "1815"]
[BlackElo "2400"]

1.e4 c5 2.Nf3 e6 3.Nc3 Nc6 4.d4 cxd4 5.Nxd4 a6 6.Be3 Qc7 7.Be2 Nf6 8.O-O Be7
9.f4 d6 10.Bf3 O-O 11.Qe1 Nxd4 12.Bxd4 e5 13.Be3 Re8 14.Rd1 b5 15.a3 Bb7
16.f5 Rad8 17.Qf2 d5 18.exd5 e4 19.Bb6 Qe5 20.Bxd8 Bxd8 21.Nxe4 Nxe4 22.Bxe4 Qxb2
23.Qf3 Ba5 24.Qd3 Qe5 25.Bf3 Qd6 26.Kh1 Bc7 27.g3 Ba5 28.Bg2 h5 29.Rf4 Bb6
30.f6 g6 31.Qc3 Re2 32.Bf3 Re3 33.Qd2 h4 34.Re1 Qe5 35.Be4 Rxe1+ 36.Qxe1 hxg3
37.hxg3 Bxd5 38.Rh4 Bd8 39.Qb4 Bxf6 40.Rf4 Be7 41.Qe1 Kg7 42.c4 bxc4 43.Qb1 g5
44.Bxd5 gxf4 45.Bxc4 f3 46.Qg1 Bc5  0-1

[Event "Wch U20"]
[Site "Copenhagen"]
[Date "1982.??.??"]
[Round "7"]
[White "Sokolov, Andrei"]
[Black "Murshed, Niaz"]
[Result "1-0"]
[WhiteElo "2435"]
[BlackElo "2410"]

1.e4 c5 2.Nc3 Nc6 3.Nge2 e6 4.d4 cxd4 5.Nxd4 Qc7 6.Be2 a6 7.O-O Nf6 8.Kh1 Bb4
9.Nxc6 bxc6 10.f4 d5 11.e5 Nd7 12.Na4 Be7 13.c4 dxc4 14.Be3 Bb7 15.f5 exf5
16.Rxf5 g6 17.Rxf7 Kxf7 18.e6+ Ke8 19.Bf4 Qd8 20.exd7+ Qxd7 21.Qxd7+ Kxd7
22.Nb6+ Ke8 23.Nxa8 Bxa8 24.Bxc4 Rf8 25.Bg3 Rf5 26.Re1 Kf8 27.Bxa6 Rd5 28.Bc4 Rd2
29.Re2 Rd1+ 30.Re1 Rd2 31.h3 Rxb2 32.Rf1+ Ke8 33.Bf7+ Kd8 34.Rd1+ Kc8 35.Be6+ Kb7
36.Be5 Re2 37.Rb1+  1-0

[Event "Politiken Cup"]
[Site "Copenhagen"]
[Date "1982.??.??"]
[Round "8"]
[White "Sznapik, Aleksander"]
[Black "Cummings, David H"]
[Result "1-0"]
[WhiteElo "2440"]
[BlackElo "2305"]

1.e4 c5 2.Nf3 e6 3.d4 cxd4 4.Nxd4 Nc6 5.Nc3 a6 6.Be2 Qc7 7.O-O Nf6 8.Be3 Bb4
9.Nxc6 bxc6 10.Na4 O-O 11.c4 Be7 12.Bf3 Rb8 13.c5 a5 14.Qc2 Ba6 15.Rfd1 Bb5
16.Rd2 d5 17.cxd6 Bxd6 18.g3 Nd7 19.Bg2 Ne5 20.Bf4 Nc4 21.Bxd6 Nxd6 22.Nc5 Ra8
23.a4 Nc4 24.Rdd1 Qa7 25.axb5 Qxc5 26.b3 cxb5 27.bxc4 bxc4 28.Qc3  1-0

[Event "New Delhi"]
[Site "Delhi"]
[Date "1982.??.??"]
[Round "9"]
[White "Kupreichik, Viktor D"]
[Black "Taimanov, Mark E"]
[Result "1/2-1/2"]
[WhiteElo "2530"]
[BlackElo "2510"]

1.e4 c5 2.Nf3 Nc6 3.d4 cxd4 4.Nxd4 e6 5.Nc3 a6 6.Be2 Nge7 7.Bf4 Ng6 8.Nxc6 bxc6
9.Bd6 Bxd6 10.Qxd6 Qe7 11.O-O-O Qxd6 12.Rxd6 Ke7 13.Rhd1 Nf4 14.Bf3 Rb8 15.R6d2 e5
16.g3 Ne6 17.Bg4 Nc5 18.a3 a5 19.f4 f6 20.fxe5 fxe5 21.Rf2 d6 22.Bxc8 Rhxc8
23.Rdf1 Rf8  1/2-1/2